Normal view MARC view

Entry Personal Name

Number of records used in: 1

001 - CONTROL NUMBER

  • control field: 9336

003 - CONTROL NUMBER IDENTIFIER

  • control field: DLC

005 - DATE AND TIME OF LATEST TRANSACTION

  • control field: 20230822120255.0

008 - FIXED-LENGTH DATA ELEMENTS

  • fixed length control field: 781204n| azannaabn |a aaa

010 ## - LIBRARY OF CONGRESS CONTROL NUMBER

  • LC control number: n 78090541

035 ## - SYSTEM CONTROL NUMBER

  • System control number: (OCoLC)oca00225682

040 ## - CATALOGING SOURCE

  • Original cataloging agency: DLC
  • Language of cataloging: eng
  • Description conventions: rda
  • Transcribing agency: DLC
  • Modifying agency: DLC
  • Modifying agency: OCoLC
  • Modifying agency: DLC
  • Modifying agency: InU

046 ## - SPECIAL CODED DATES

  • Birth date: 1943-02-04
  • Source of date scheme: edtf

100 1# - HEADING--PERSONAL NAME

  • Personal name: Carroll, Archie B.

373 ## - ASSOCIATED GROUP

  • Associated group: Terry College of Business, University of Georgia

374 ## - OCCUPATION

  • Occupation: College teachers
  • Occupation: Authors
  • Occupation: Editors
  • Source of term: lcsh

376 ## - FAMILY INFORMATION

  • Type of family: male

377 ## - ASSOCIATED LANGUAGE

  • Language code: eng

400 1# - SEE FROM TRACING--PERSONAL NAME

  • Personal name: Kʻa-lo, Ya-chʻi

670 ## - SOURCE DATA FOUND

  • Source citation: Watson, H. J. An introduction to computers ... 1973.

670 ## - SOURCE DATA FOUND

  • Source citation: His Chʻi yeh yü she hui, 1988:
  • Information found: t.p. (Ya-chʻi Kʻa-lo) p. iii (Archie B. Carroll; author of Business and society)

670 ## - SOURCE DATA FOUND

  • Source citation: Corporate responsibility, 2012:
  • Information found: ECIP t.p. (Archie B. Carroll) galley (Robert W. Scherer Professor of Management Emeritus and Director, Nonprofit Management and Community Service Program at the Terry College of Business at the University of Georgia)

678 ## - BIOGRAPHICAL OR HISTORICAL DATA

  • Biographical or historical data: assist. prof. of management, Univ. of Ga.;
  • Biographical or historical data: b. Feb. 4, 1943

Powered by Koha